Chemistry for environmental engineering and science / (Record no. 332022)

000 -LEADER
fixed length control field 01485cam a2200349 a 4500
001 - CONTROL NUMBER
control field 12691968
003 - CONTROL NUMBER IDENTIFIER
control field NUST
005 - DATE AND TIME OF LATEST TRANSACTION
control field 20171107121907.0
008 - FIXED-LENGTH DATA ELEMENTS--GENERAL INFORMATION
fixed length control field 020305s2003 mauab bf 001 0 eng
010 ## - LIBRARY OF CONGRESS CONTROL NUMBER
LC control number 2002025494
020 ## - INTERNATIONAL STANDARD BOOK NUMBER
International Standard Book Number 0072480661 (alk. paper)
020 ## - INTERNATIONAL STANDARD BOOK NUMBER
International Standard Book Number 0071198881 (ISE)
040 ## - CATALOGING SOURCE
Original cataloging agency DLC
Transcribing agency DLC
Modifying agency DLC
050 00 - LIBRARY OF CONGRESS CALL NUMBER
Classification number TD193
Item number .S28 2003
082 00 - DEWEY DECIMAL CLASSIFICATION NUMBER
Classification number 628.0154 SAW
Edition number 21
100 1# - MAIN ENTRY--PERSONAL NAME
Personal name Sawyer, Clair N.
9 (RLIN) 6100
245 10 - TITLE STATEMENT
Title Chemistry for environmental engineering and science /
Statement of responsibility, etc. Clair N. Sawyer, Perry L. McCarty, Gene F. Parkin.
250 ## - EDITION STATEMENT
Edition statement 5th ed.
260 ## - PUBLICATION, DISTRIBUTION, ETC.
Place of publication, distribution, etc. Boston :
Name of publisher, distributor, etc. McGraw-Hill,
Date of publication, distribution, etc. c2003.
300 ## - PHYSICAL DESCRIPTION
Extent xvi, 752 p. :
Other physical details ill., map ;
Dimensions 24 cm.
440 #4 - SERIES STATEMENT/ADDED ENTRY--TITLE
Title The McGraw-Hill series in civil and environmental engineering
9 (RLIN) 6109
500 ## - GENERAL NOTE
General note H.B
504 ## - BIBLIOGRAPHY, ETC. NOTE
Bibliography, etc. note Includes bibliographical references and index.
650 #0 - SUBJECT ADDED ENTRY--TOPICAL TERM
Topical term or geographic name entry element Environmental chemistry.
9 (RLIN) 441
650 #0 - SUBJECT ADDED ENTRY--TOPICAL TERM
Topical term or geographic name entry element Environmental chemistry
Form subdivision Laboratory manuals.
9 (RLIN) 6110
650 #0 - SUBJECT ADDED ENTRY--TOPICAL TERM
Topical term or geographic name entry element Sanitary engineering.
9 (RLIN) 2530
650 #0 - SUBJECT ADDED ENTRY--TOPICAL TERM
Topical term or geographic name entry element Sanitary engineering
Form subdivision Laboratory manuals.
9 (RLIN) 6111
700 1# - ADDED ENTRY--PERSONAL NAME
Personal name McCarty, Perry L.
9 (RLIN) 6103
700 1# - ADDED ENTRY--PERSONAL NAME
Personal name Parkin, Gene F.
9 (RLIN) 6104
856 42 - ELECTRONIC LOCATION AND ACCESS
Materials specified Publisher description
Uniform Resource Identifier <a href="http://www.loc.gov/catdir/description/mh024/2002025494.html">http://www.loc.gov/catdir/description/mh024/2002025494.html</a>
856 41 - ELECTRONIC LOCATION AND ACCESS
Materials specified Table of contents
Uniform Resource Identifier <a href="http://www.loc.gov/catdir/toc/mh023/2002025494.html">http://www.loc.gov/catdir/toc/mh023/2002025494.html</a>
906 ## - LOCAL DATA ELEMENT F, LDF (RLIN)
a 7
b cbc
c orignew
d 1
e ocip
f 20
g y-gencatlg
942 ## - ADDED ENTRY ELEMENTS (KOHA)
Source of classification or shelving scheme
Koha item type Book
Call number prefix IESE
Holdings
Withdrawn status Lost status Source of classification or shelving scheme Damaged status Not for loan Collection code Permanent Location Current Location Shelving location Date acquired Total Checkouts Full call number Barcode Checked out Date last seen Date last checked out Price effective from Koha item type
            Institute of Environmental Science and Engineering (IESE) Institute of Environmental Science and Engineering (IESE) General Stacks 11/07/2017 2 628.0154 SAW IESE-720 05/27/2025 01/27/2025 01/27/2025 11/07/2017 Book
            Institute of Environmental Science and Engineering (IESE) Institute of Environmental Science and Engineering (IESE) Reference 12/08/2017   628.0154 SAW IESE-867   12/08/2017   12/08/2017 Book
© 2023 Central Library, National University of Sciences and Technology. All Rights Reserved.